English Place Names to Language of Origin - Click Quiz - Statistics

General Stats
  • This quiz has been taken 11 times
  • The average score is 12 of 28
Answer Stats
Hint Explanation Answer % Correct
Norwich from norð + wīc, 'north farm/settlement' Old English
90%
Oakham either from Occa + hām, 'Occa's homestead/settlement'; or Occa + hamm, 'Occa's hemmed-in land' Old English
90%
Oxford from oxa + ford, 'oxen ford' Old English
70%
Skegness either from Skeggi + nes, 'Skeggi's promontory'; or skegg + nes, 'beard-shaped promontory' Old Norse
70%
Clowne from colun/colauno, 'water', probably a lost river-name Brythonic / Celtic
60%
Skipton from scēp + tūn, 'sheep farm/settlement' Old English
60%
Egremont from aigre + mont, 'pointed hill' Old French
60%
Formby either from forn + , 'old farm/settlement'; or Forni + bý, 'Forni's farm/settlement' Old Norse
60%
Ormskirk from Ormr + kirkja, 'Ormr's church' Old Norse
60%
Grimsby from Grim + bý, 'Grim's farm/settlement' or 'Odin's farm/settlement' (in Norse mythology, Grim was an alternative name used by the god Odin) Old Norse
50%
Scunthorpe from Skuma + þorp, 'Skuma's outlying farm/settlement' Old Norse
50%
Whitby either from Hviti + , 'Hviti's farm/settlement'; or hvítr + , 'white farm/settlement' Old Norse
50%
Frome from frāmā, 'brisk/flowing', named from the local river Brythonic / Celtic
40%
Bristol from brycg + stōw, 'bridge place' Old English
40%
Devizes from devise, 'the boundaries' Old French
40%
Richmond from riche + mont, 'strong hill' Old French
40%
London exact origin uncertain, meaning unknown Brythonic / Celtic
30%
Wigan exact origin uncertain, meaning unknown Brythonic / Celtic
30%
Deal from dæl, 'pit/hollow' Old English
30%
Ludlow from hlūd + hlāw, 'noisy-stream mound/hill' Old English
30%
Pontefract from pons + fractus, 'broken bridge' Old French
30%
Thirsk from þresk, 'fen/lake' Old Norse
30%
Carlisle from cair + Luguvalium, 'fortification called Luguvalium ('strong as the god Lugus')' Brythonic / Celtic
20%
Penkridge from penn + crūg, 'headland tumulus' Brythonic / Celtic
20%
Malpas from mal + pas, 'difficult passage' Old French
20%
Belper from beau + repaire, 'beautiful retreat' Old French
10%
Bewdley from beau + lieu, 'beautiful place' Old French
10%
Dover from dubras, 'the waters', named from the local river Brythonic / Celtic
0%
No matching quizzes found
Score Distribution
Percent of People with Each Score
Percentile by Number Answered
Your Score History
You have not taken this quiz